La ciudad en la historia: sus orígenes, transformaciones y perspectivas
Збережено в:
| Автор: | |
|---|---|
| Формат: | Книга |
| Мова: | Іспанська |
| Опубліковано: |
Buenos Aires
Infinito
1966
|
| Серія: | Biblioteca de Planeamiento y Vivienda, 8
|
| Предмети: | |
| Теги: |
Додати тег
Немає тегів, Будьте першим, хто поставить тег для цього запису!
|
MARC
| LEADER | 00000nam a2200000 a 4500 | ||
|---|---|---|---|
| 001 | UCX8900 | ||
| 003 | CL-VaPUC | ||
| 008 | 940505e19660000AG |||||||||||||||||spa|d | ||
| 082 | 0 | 4 | |a 307.76 |b MUM |2 21 |
| 100 | |a Mumford, Lewis |e autor |9 869690 | ||
| 245 | 1 | 3 | |a La ciudad en la historia: sus orígenes, transformaciones y perspectivas |
| 300 | |a 2 v | ||
| 942 | |c BK | ||
| 945 | |d 19940505 00:00:00 |a aalvarez | ||
| 260 | |a Buenos Aires |b Infinito |c 1966 | ||
| 650 | 0 | |a Ciudades y pueblos |9 265139 | |
| 650 | 7 | |a DESARROLLO URBANO |2 CL-VaPUC |9 326139 | |
| 583 | |a last modification |c 20180403 04:52:50 |k Rodrigo Vera | ||
| 490 | 0 | |a Biblioteca de Planeamiento y Vivienda, 8 | |
| 999 | |c 228269 |d 228267 | ||
| 952 | |0 0 |1 0 |4 0 |6 307_760000000000000_MUM_1966 |7 0 |8 X |9 228153 |a BIBHIS |b BIBHIS |d 2019-11-15 |h v.2 |i 3220109 |o 307.76 MUM 1966 |p 3220109 |r 2024-01-30 |w 2019-11-15 |y BK_X |k HIS | ||
| 952 | |0 0 |1 0 |2 ddc |4 0 |6 307_760000000000000_MUM_1966 |7 0 |8 A |9 228154 |a BIBARQ |b BIBARQ |c PAC |d 2019-11-15 |h v.1 |i 3283593 |o 307.76 MUM 1966 |p 3283593 |r 2025-01-20 |w 2019-11-15 |y BK |k ARQ | ||
| 952 | |0 0 |1 0 |2 ddc |4 0 |6 307_760000000000000_MUM_1966 |7 0 |8 A |9 228155 |a BIBARQ |b BIBARQ |c PAC |d 2019-11-15 |h v.2 |i 3283607 |o 307.76 MUM 1966 |p 3283607 |r 2025-01-20 |w 2019-11-15 |y BK |k ARQ | ||
| 952 | |0 0 |1 0 |4 0 |6 307_760000000000000_MUM_1966 |7 0 |8 X |9 228156 |a BIBHIS |b BIBHIS |d 2019-11-15 |h v.1 |i 1361813 |o 307.76 MUM 1966 |p 1361813 |r 2024-01-30 |w 2019-11-15 |y BK_X |k HIS | ||